Cooperative agricultural finance (Record no. 39500)

MARC details
000 -LEADER
fixed length control field 00308nam a2200121Ia 4500
082 ## - DEWEY DECIMAL CLASSIFICATION NUMBER
Classification number 334.4
Item number RED
100 ## - MAIN ENTRY--AUTHOR NAME
Personal name REDDY, C R
245 #0 - TITLE STATEMENT
Title Cooperative agricultural finance
260 ## - PUBLICATION, DISTRIBUTION, ETC. (IMPRINT)
Place of publication Allahabad
Name of publisher Chugh pub
Year of publication 1988
650 ## - SUBJECT ADDED ENTRY--TOPICAL TERM
Topical Term Cooperative credit
942 ## - ADDED ENTRY ELEMENTS (KOHA)
Koha item type Books
Holdings
Withdrawn status Lost status Damaged status Not for loan Home library Current library Date acquired Full call number Accession Number Koha item type
        RRII Library RRII Library 16/12/2021 334.4 RED 19832 Books